Postacie z gier wideo #1 - Statystyki

Ogólne statystyki
  • Ten quiz został rozwiązany 1 806 razy
  • Średni wynik to 6 z 18
Statystyki odpowiedzi
Postać Seria % Poprawnych
Lara Croft Tomb Raider
82%
Sub Zero Mortal Kombat
66%
Bowser Super Mario
65%
Link Legend of Zelda
47%
Master Chief Halo
43%
John Marston Red Dead Redemption
43%
Solid Snake Metal Gear
42%
Altaïr Assassin's Creed
41%
GLaDOS Portal
33%
Chris Redfield Resident Evil
25%
Heihachi Mishima Tekken
24%
Samus Metroid
13%
Zangief Street Fighter
13%
Simon Belmont Castlevania
10%
Dr. Wily Mega Man
8%
Blinky Pac-Man
8%
Falco Star Fox
5%
Chop Chop Master Onion PaRappa the Rapper
4%
Nie znaleziono quizów pasujących do podanych kryteriów
Rozkład punktacji
Procent ludzi z każdym wynikiem
Percentyl według liczby udzielonych odpowiedzi
Twoja historia wyników
Nie rozwiązałeś tego quizu